| 000 | 00495cam a2200181 4500 | ||
|---|---|---|---|
| 001 | D10763 | ||
| 008 | 090401t1978 xxu||||| |||| 00| 0 eng d | ||
| 035 | _a(Sirsi) u96344 | ||
| 041 | _aeng | ||
| 050 | _a526 | ||
| 100 | _aHarrison, J.C. | ||
| 245 | 4 | _aThe LAMIS system | |
| 260 | _c1978 | ||
| 350 | _a0 | ||
| 520 | _aIn: RICS. Land Surveyors Division and N.E.L.P. "Databanks and digital mapping". One-day seminar ... 9th November, 1978. 1978/32 ABCD | ||
| 942 | _n0 | ||
| 948 | _c04/03/1997 | ||
| 999 |
_c98644 _d98644 |
||